000 00667nam1a22002171i 4500
001 rc\4926304
005 20241118123439.0
035 _a(NLR Aleph) 008843839
090 _a8359271
_c8359271
100 _a20130426d1962 |||y0rusy50 ca
101 1 _aest
_grus
102 _aRU
105 _a z |||||
200 1 _aФлора Эстонской ССР
_fАкад. наук Эст. ССР. Ин-т зоологии и ботаники
205 _a2-е изд., испр. и доп. Т. 2-
210 _aТаллин
_cЭст. гос. изд-во
_d1962
215 _d27
801 0 _aRU
_bNLR
_gpsbo
801 1 _aRU
_bELAR
_2rusmarc
852 _aNLR
_bОНЛ
942 _cBOOK